Private renting at the crossroads : an economic analysis of rent determination in the private rented sector in England. (Record no. 90166)

MARC details
000 -LEADER
fixed length control field 00838cam a2200277 4500
001 - CONTROL NUMBER
control field M2002
008 - FIXED-LENGTH DATA ELEMENTS--GENERAL INFORMATION
fixed length control field 090401t1995 xxu||||| |||| 00| 0 eng d
035 ## - SYSTEM CONTROL NUMBER
System control number (Sirsi) u35956
041 ## - LANGUAGE CODE
Language code of text/sound track or separate title eng
050 ## - LIBRARY OF CONGRESS CALL NUMBER
Classification number 306.13
110 ## - MAIN ENTRY--CORPORATE NAME
Corporate name or jurisdiction name as entry element Coopers and Lybrand
9 (RLIN) 2441
245 ## - TITLE STATEMENT
Title Private renting at the crossroads : an economic analysis of rent determination in the private rented sector in England.
260 ## - PUBLICATION, DISTRIBUTION, ETC.
Place of publication, distribution, etc. London
Name of publisher, distributor, etc. Coopers & Lybrand
Date of publication, distribution, etc. 1995
300 ## - PHYSICAL DESCRIPTION
Extent ca.100p. ; 30p.
350 ## - PRICE (NR) (BK AM CF MU VM SE) [OBSOLETE]
Price 25
520 ## - SUMMARY, ETC.
Summary, etc. Research commissioned by the Department of the Environment.
650 ## - SUBJECT ADDED ENTRY--TOPICAL TERM
Topical term or geographic name entry element DEPARTMENT OF THE ENVIRONMENT
650 ## - SUBJECT ADDED ENTRY--TOPICAL TERM
Topical term or geographic name entry element HOUSING BENEFIT
650 ## - SUBJECT ADDED ENTRY--TOPICAL TERM
Topical term or geographic name entry element PRIVATE RENTED SECTOR
650 ## - SUBJECT ADDED ENTRY--TOPICAL TERM
Topical term or geographic name entry element RENT DETERMINATION
650 ## - SUBJECT ADDED ENTRY--TOPICAL TERM
Topical term or geographic name entry element SUPPLY AND DEMAND
650 ## - SUBJECT ADDED ENTRY--TOPICAL TERM
Topical term or geographic name entry element YIELDS
690 ## - LOCAL SUBJECT ADDED ENTRY--TOPICAL TERM (OCLC, RLIN)
Topical term or geographic name as entry element HOUSING-FINANCE
942 ## - ADDED ENTRY ELEMENTS (KOHA)
Suppress in OPAC 0
948 ## - LOCAL PROCESSING INFORMATION (OCLC); SERIES PART DESIGNATOR (RLIN)
c (OCLC) 04/03/1997
Holdings
Withdrawn status Lost status Source of classification or shelving scheme Damaged status Not for loan Home library Current library Shelving location Date acquired Cost, normal purchase price Total Checkouts Full call number Barcode Date last seen Date last checked out Copy number Cost, replacement price Price effective from Koha item type
    Dewey Decimal Classification     London London Folio 17/05/1996 25.00 4 F306.13 30047846 06/08/2019 22/04/2003 1 25.00 06/08/2019 Book